[Event "Aragon-chT Honor Descenso"]
[Site "Aragon"]
[Date "2013.03.16"]
[Round "8.27"]
[White "Vasilev, Vas"]
[Black "Colom Sienes, Eduardo"]
[Result "0-1"]
[WhiteElo "1942"]
[BlackElo "2028"]
[PlyCount "108"]
[EventDate "2013.01.26"]
[EventType "team-tourn"]
[EventRounds "11"]
[EventCountry "ESP"]
[SourceTitle "EXT 2014"]
[Source "ChessBase"]
[SourceDate "2013.11.20"]
[SourceVersion "1"]
[SourceVersionDate "2013.11.20"]
[SourceQuality "1"]
[WhiteTeam "Caissa Hermanos Cortes"]
[BlackTeam "Ramiro"]
[WhiteTeamCountry "ESP"]
[BlackTeamCountry "ESP"]

1. d4 e6 2. Nf3 b6 3. Bg5 Be7 4. h4 Bb7 5. Nbd2 h6 6. Bf4 Nf6 7. e3 Nh5 8. Bd3 Nxf4 9. exf4 Nc6 10. c3 d6 11. Qc2 Qd7 12. 0-0-0 0-0-0 13. d5 Nb8 14. dxe6 fxe6 15. Nd4 Rdf8 16. Rhe1 Bd5 17. c4 Rxf4 18. cxd5 Rxd4 19. Nb3 Rxd5 20. Re4 Bf6 21. f4 Bxh4 22. Rh1 Bf6 23. Rd1 Nc6 24. a3 Na5 25. Kb1 Nxb3 26. Qxb3 Rxd3 27. Qxd3 e5 28. Qa6+ Kb8 29. Ra4 c5 30. Qe2 exf4 31. Rxf4 Be5 32. Re4 Qf5 33. Qd3 Qf6 34. Qd5 Rc8 35. Re2 g5 36. Qf3 Qxf3 37. gxf3 Rf8 38. Rd3 h5 39. Re1 h4 40. Rh1 Kc7 41. Kc2 Kc6 42. b3 d5 43. Kd1 b5 44. Ke2 c4 45. bxc4 bxc4 46. Re3 Kd6 47. Rh3 d4 48. Re4 Rb8 49. Kd1 Kd5 50. Kc1 d3 51. Rh1 c3 52. Rd1 Bf4+ 53. Rxf4 Rb1+ 54. Kxb1 c2+ 0-1

[Event "Aragon-chT Honor GrB"]
[Site "Aragon"]
[Date "2013.03.09"]
[Round "7.31"]
[White "Colom Sienes, Eduardo"]
[Black "Larrosa Poves, Jose Manuel"]
[Result "0-1"]
[WhiteElo "2028"]
[BlackElo "1983"]
[PlyCount "40"]
[EventDate "2013.01.26"]
[EventType "team"]
[EventRounds "7"]
[EventCountry "ESP"]
[SourceTitle "EXT 2014"]
[Source "ChessBase"]
[SourceDate "2013.11.20"]
[SourceVersion "1"]
[SourceVersionDate "2013.11.20"]
[SourceQuality "1"]
[WhiteTeam "Ramiro"]
[BlackTeam "Agrupacion II"]
[WhiteTeamCountry "ESP"]
[BlackTeamCountry "ESP"]

1. e4 c5 2. Nf3 e6 3. d4 cxd4 4. Nxd4 a6 5. Nc3 Qc7 6. Be2 b5 7. 0-0 Bb7 8. Bf3 Nc6 9. Re1 Ne5 10. Bf4 Nxf3+ 11. Qxf3 d6 12. Nd5 exd5 13. exd5+ Ne7 14. Nf5 0-0-0 15. Nxd6+ Rxd6 16. c4 bxc4 17. b3 Bxd5 18. Qg3 Nf5 19. Qh3 Be6 20. Rad1 Rxd1 0-1

[Event "Aragon-chT Honor GrB "]
[Site "Aragon"]
[Date "2012.03.03"]
[Round "5.29"]
[White "Colom Sienes, Eduardo"]
[Black "Quintin Navarro, Alberto"]
[Result "0-1"]
[WhiteElo "2032"]
[BlackElo "2201"]
[PlyCount "86"]
[EventDate "2012.02.04"]
[EventType "team-tourn"]
[EventRounds "7"]
[EventCountry "ESP"]
[SourceTitle "EXT 2014"]
[Source "ChessBase"]
[SourceDate "2013.11.20"]
[SourceVersion "1"]
[SourceVersionDate "2013.11.20"]
[SourceQuality "1"]
[WhiteTeam "Ramiro"]
[BlackTeam "St Casablanca II"]
[WhiteTeamCountry "ESP"]
[BlackTeamCountry "ESP"]

1. e4 c5 2. Nf3 d6 3. c3 Nf6 4. Bd3 Nc6 5. h3 g6 6. 0-0 Bg7 7. Bc2 0-0 8. d3 b5 9. Nbd2 Nd7 10. Nb3 a5 11. a4 Ba6 12. axb5 Bxb5 13. Re1 a4 14. Nbd2 a3 15. c4 axb2 16. Rxa8 Qxa8 17. Bxb2 Bxb2 18. cxb5 Nd4 19. Nxd4 Bxd4 20. Bb3 Qb7 21. Bc4 e6 22. Qb1 Ra8 23. Kf1 Nb6 24. Nf3 Bc3 25. Rc1 Bg7 26. Qc2 Ra3 27. e5 d5 28. Qb2 Ra5 29. Ba2 Na4 30. Qc2 Qxb5 31. Rb1 Qc6 32. Rb8+ Bf8 33. Nd4 Qc7 34. Re8 Qd7 35. Rxf8+ Kxf8 36. Qd2 Ra7 37. Qh6+ Ke8 38. Qg7 Kd8 39. Qf8+ Kc7 40. Nb3 Kb7 41. Nxc5+ Nxc5 42. Qxc5 Rxa2 43. Qb4+ Ka6 0-1

[Event "Zaragoza Casablanca op 5th"]
[Site "Zaragoza"]
[Date "2011.12.29"]
[Round "7"]
[White "Colom Sienes, Eduardo"]
[Black "Dauletova, Gulmira"]
[Result "1/2-1/2"]
[WhiteElo "2042"]
[BlackElo "2283"]
[PlyCount "111"]
[EventDate "2011.12.23"]
[EventType "swiss"]
[EventRounds "9"]
[EventCountry "ESP"]
[SourceTitle "CBM 146 Extra"]
[Source "ChessBase"]
[SourceDate "2012.02.29"]
[SourceVersion "1"]
[SourceVersionDate "2012.02.29"]
[SourceQuality "1"]

1. e4 e5 2. f4 d5 3. exd5 e4 4. d3 Nf6 5. dxe4 Nxe4 6. Nf3 Bc5 7. Qe2 Bf5 8. Nc3 Qe7 9. Be3 Bb4 10. Bd2 0-0 11. Nxe4 Bxe4 12. 0-0-0 Na6 13. Bxb4 Qxb4 14. c3 Qe7 15. Ng5 Nc5 16. Nxe4 Nxe4 17. Qf3 f5 18. Bc4 Qc5 19. Rd4 Kh8 20. g4 b5 21. gxf5 Nd6 22. Bd3 Rae8 23. Qg4 Rf6 24. Rg1 Re7 25. Bc2 a5 26. Rd2 Qe3 27. Qg3 Qxg3 28. hxg3 Nxf5 29. Bxf5 Rxf5 30. d6 cxd6 31. Rxd6 h6 32. Rd4 Rc5 33. Kd2 Rh5 34. Rg2 Kh7 35. g4 Rh4 36. Rd5 Rb7 37. g5 Rxf4 38. g6+ Kg8 39. Re2 Rf8 40. Ree5 b4 41. Rxa5 bxc3+ 42. Kxc3 Rb6 43. b4 Rxg6 44. b5 Rf4 45. Ra8+ Kh7 46. Rae8 Rg3+ 47. Re3 Rg6 48. R8e4 Rf1 49. a4 Ra1 50. Re6 Rxe6 51. Rxe6 Rxa4 52. b6 Ra8 53. b7 Rb8 54. Rb6 h5 55. Kd3 g6 56. Ke3 1/2-1/2

[Event "Zaragoza Casablanca op 5th"]
[Site "Zaragoza"]
[Date "2011.12.24"]
[Round "2"]
[White "Korneev, Oleg"]
[Black "Colom Sienes, Eduardo"]
[Result "1-0"]
[WhiteElo "2608"]
[BlackElo "2042"]
[PlyCount "49"]
[EventDate "2011.12.23"]
[EventType "swiss"]
[EventRounds "9"]
[EventCountry "ESP"]
[SourceTitle "CBM 146 Extra"]
[Source "ChessBase"]
[SourceDate "2012.02.29"]
[SourceVersion "1"]
[SourceVersionDate "2012.02.29"]
[SourceQuality "1"]

1. e4 e6 2. d4 d5 3. Nd2 Be7 4. Ngf3 c5 5. exd5 Qxd5 6. Bc4 Qd8 7. 0-0 cxd4 8. Nb3 Nf6 9. Nbxd4 0-0 10. Re1 a6 11. Ne5 Qc7 12. Bb3 Rd8 13. c3 Nc6 14. Bf4 Nxd4 15. cxd4 Qb6 16. Be3 Bb4 17. Rf1 Qd6 18. a3 Ba5 19. Nc4 Qc7 20. Bg5 Bb6 21. Bxf6 gxf6 22. Qg4+ Kh8 23. Rad1 Ba7 24. Qh4 Qe7 25. Bc2 1-0

[Event "Aragon-chT Preferente-A"]
[Site "Spain"]
[Date "2011.04.02"]
[Round "9.1"]
[White "Colom Sienes, Eduardo"]
[Black "Dominguez Bujeda, Jesus"]
[Result "0-1"]
[WhiteElo "2026"]
[BlackElo "2138"]
[PlyCount "80"]
[EventDate "2011.02.05"]
[EventType "team-tourn"]
[EventRounds "9"]
[EventCountry "ESP"]
[SourceTitle "EXT 2013"]
[Source "ChessBase"]
[SourceDate "2012.11.22"]
[SourceVersion "1"]
[SourceVersionDate "2012.11.22"]
[SourceQuality "1"]
[WhiteTeam "Ramiro III"]
[BlackTeam "Teruel"]
[WhiteTeamCountry "ESP"]
[BlackTeamCountry "ESP"]

1. e4 c5 2. Nf3 g6 3. d4 cxd4 4. Nxd4 Nc6 5. Nc3 Bg7 6. Be3 Nf6 7. Bc4 0-0 8. Bb3 e6 9. 0-0 d5 10. exd5 exd5 11. h3 Na5 12. Qd2 Nc4 13. Bxc4 dxc4 14. Rad1 a6 15. Bh6 Qa5 16. Bxg7 Kxg7 17. Rfe1 Bd7 18. Nf3 Rfe8 19. Qd4 Bc6 20. Re5 Qb4 21. Rxe8 Rxe8 22. Ne5 Qxb2 23. Ng4 Re6 24. Nxf6 Rxf6 25. g4 h6 26. h4 g5 27. hxg5 hxg5 28. Qe3 Qxc2 29. Qxg5+ Qg6 30. Qxg6+ Kxg6 31. Rd4 b5 32. f4 Bf3 33. f5+ Kg5 34. Kf2 Bc6 35. Kg3 Rh6 36. Ne2 Rh1 37. Rd6 Rh6 38. Rd4 Rh4 39. Ng1 c3 40. Rd6 Rxg4+ 0-1

[Event "Aragon-chT Preferente-A"]
[Site "Spain"]
[Date "2011.02.26"]
[Round "4.1"]
[White "Campo Millan, Diego"]
[Black "Colom Sienes, Eduardo"]
[Result "0-1"]
[WhiteElo "2108"]
[BlackElo "2026"]
[PlyCount "58"]
[EventDate "2011.02.05"]
[EventType "team-tourn"]
[EventRounds "9"]
[EventCountry "ESP"]
[SourceTitle "EXT 2013"]
[Source "ChessBase"]
[SourceDate "2012.11.22"]
[SourceVersion "1"]
[SourceVersionDate "2012.11.22"]
[SourceQuality "1"]
[WhiteTeam "Delicias II"]
[BlackTeam "Ramiro III"]
[WhiteTeamCountry "ESP"]
[BlackTeamCountry "ESP"]

1. e4 e6 2. d4 d5 3. Nd2 Nf6 4. e5 Nfd7 5. Bd3 c5 6. c3 cxd4 7. cxd4 f6 8. exf6 Nxf6 9. Ne2 Nc6 10. 0-0 Bd6 11. Nf3 0-0 12. Bg5 e5 13. Qb3 Kh8 14. dxe5 Nxe5 15. Nxe5 Bxe5 16. f4 Bc7 17. Rad1 Bg4 18. Kh1 Qd7 19. Bxf6 Rxf6 20. Bb5 Qe7 21. Rde1 Re6 22. Qc2 Ba5 23. b4 Bxb4 24. Rc1 Bxe2 25. Bxe2 Rxe2 26. Qf5 d4 27. Rc8+ Rxc8 28. Qxc8+ Qe8 29. Qxb7 Re1 0-1